| 000 | 00748nam a22002417a 4500 | ||
|---|---|---|---|
| 005 | 20240520163817.0 | ||
| 008 | 240520b |||||||| |||| 00| 0 eng d | ||
| 020 |
_a9780190948207 _cRs.1893.57 |
||
| 040 | _aLoreto College | ||
| 041 | _aEnglish | ||
| 082 |
_a004 _bKEA |
||
| 100 | _aKearns,Michael | ||
| 245 |
_aThe ethical algorithm _bThe science of socially aware algorithm design _cMichael Kearns and Aaron Roth |
||
| 260 |
_aNew York _bOxford University Press _c2020 |
||
| 300 |
_a218p _b22cm |
||
| 504 | _aIncludes index | ||
| 650 | _aInformation technology-Economical aspect | ||
| 650 | _aTechnological innovations--Moral and ethical aspects. | ||
| 650 | _aAlgorithm | ||
| 700 |
_4Auth _aRoth,Aaron |
||
| 850 | _aLCLIB | ||
| 942 | _cBK | ||
| 999 |
_c43780 _d94259 |
||